Normal view MARC view

Entry Personal Name

Number of records used in: 1

001 - CONTROL NUMBER

  • control field: 57054

003 - CONTROL NUMBER IDENTIFIER

  • control field: OSt

005 - DATE AND TIME OF LATEST TRANSACTION

  • control field: 20251008112723.0

008 - FIXED-LENGTH DATA ELEMENTS

  • fixed length control field: 251008|| aca||aabn | a|a d

040 ## - CATALOGING SOURCE

  • Original cataloging agency: OSt
  • Transcribing agency: OSt

100 ## - HEADING--PERSONAL NAME

  • Personal name: Salvati, Luigi and Tridico, Pasquale

670 ## - SOURCE DATA FOUND

  • Source citation: Work cat.: (OSt): Salvati, Luigi and Tridico, Pasquale , Economic dynamics of financial capitalism: Labour market reforms, welfare state reduction, and the impact of technological changes

Powered by Koha